[Event "GER Seniors Derby 06th"]
[Site "Wesel Undeloh"]
[Date "2007.04.15"]
[Round "7.2"]
[White "De Carbonnel, Paul"]
[Black "Wilbert, Siegfried"]
[Result "1-0"]
[WhiteElo "1836"]
[BlackElo "2058"]
[PlyCount "80"]
[EventDate "2007.04.12"]
[EventType "swiss"]
[EventRounds "7"]
[EventCountry "GER"]
[SourceTitle "EXT 2022"]
[Source "ChessBase"]
[SourceDate "2021.10.06"]
[SourceVersion "1"]
[SourceVersionDate "2021.10.06"]
[SourceQuality "1"]

1. Nf3 c5 2. c4 Nc6 3. g3 Nf6 4. Nc3 g6 5. Bg2 Bg7 6. 0-0 d5 7. d4 dxc4 8. dxc5 Qa5 9. Qa4 Qxc5 10. Be3 Qa5 11. Qxc4 0-0 12. Rfd1 Ng4 13. Bc5 Be6 14. Nd5 Bxb2 15. Rab1 Bxd5 16. Rxd5 Nf6 17. Rd3 Be5 18. Rxb7 Rab8 19. Rxb8 Rxb8 20. h3 Rb1+ 21. Kh2 Ba1 22. Ra3 Qd8 23. Qc2 Rb7 24. Ng5 Rc7 25. Qb3 e6 26. Nxe6 fxe6 27. Qxe6+ Kg7 28. Bxc6 Rf7 29. Rxa7 Rxa7 30. Bxa7 h5 31. Be3 h4 32. gxh4 Qc7+ 33. Kg2 Nh5 34. Qd7+ Qxd7 35. Bxd7 Bf6 36. Bg5 Be5 37. e3 Bc3 38. a4 Nf6 39. Bc6 Kf7 40. Kf3 Be1 1-0

[Event "GER Seniors Derby 06th"]
[Site "Wesel Undeloh"]
[Date "2007.04.14"]
[Round "5.3"]
[White "Huber, Herbert"]
[Black "De Carbonnel, Paul"]
[Result "1-0"]
[WhiteElo "1946"]
[BlackElo "1836"]
[PlyCount "65"]
[EventDate "2007.04.12"]
[EventType "swiss"]
[EventRounds "7"]
[EventCountry "GER"]
[SourceTitle "EXT 2022"]
[Source "ChessBase"]
[SourceDate "2021.10.06"]
[SourceVersion "1"]
[SourceVersionDate "2021.10.06"]
[SourceQuality "1"]

1. d4 d5 2. Nf3 Nf6 3. e3 e6 4. c4 c6 5. Nc3 Nbd7 6. Bd3 dxc4 7. Bxc4 b5 8. Bd3 Bb7 9. 0-0 a6 10. a3 c5 11. dxc5 Nxc5 12. Bc2 Qc7 13. Qe2 Bd6 14. h3 0-0 15. b4 Nce4 16. Nxe4 Nxe4 17. Bb2 Rac8 18. Rac1 Qe7 19. Rfd1 Bd5 20. Qd3 f5 21. Bb3 Bxb3 22. Qxb3 Kh8 23. g3 Bb8 24. Nd4 Rxc1 25. Rxc1 Nxg3 26. fxg3 Qg5 27. Qxe6 Qxg3+ 28. Kf1 h6 29. Rc8 Qxh3+ 30. Ke2 Qh2+ 31. Kd3 Qd6 32. Rxf8+ Qxf8 33. Nxf5 1-0